La educación de las virtudes humanas (Registro nro. 4572)

Detalles MARC
000 -CABECERA
Longitud fija campo de control 00549nam a22002171 4500
001 - NÚMERO DE CONTROL
Número de control bimo0001037104
003 - IDENTIFICADOR DELl NÚMERO DE CONTROL
Identificador del número de control OSt
005 - FECHA Y HORA DE LA ÚLTIMA TRANSACCIÓN
Fecha y hora de la última transacción 20140503082851.0
008 - CÓDIGOS DE INFORMACIÓN DE LONGITUD FIJA
Códigos de información de longitud fija 900725s1977 esp spa
020 ## - NÚMERO INTERNACIONAL NORMALIZADO PARA LIBROS
Número Internacional Normalizado para Libros (ISBN) 84-313-0427-8
040 ## - FUENTE DE LA CATALOGACIÓN
Centro catalogador de origen SpMaBN
Lengua de catalogación spa
Centro transcriptor BMC
082 ## - NÚMERO DE LA CLASIFICACIÓN DECIMAL DEWEY
Númeroo de clasificación 370.114
100 1# - PUNTO DE ACCESO PRINCIPAL-NOMBRE DE PERSONA
Nombre de persona Isaacs, David
9 (RLIN) 10003
245 13 - MENCIÓN DE TÍTULO
Título La educación de las virtudes humanas
Mención de responsabilidad, etc. David Isaacs
250 ## - MENCIÓN DE EDICIÓN
Mención de edición 2ª ed
260 0# - PUBLICACIÓN, DISTRIBUCIÓN, ETC. (PIE DE IMPRENTA)
Lugar de publicación, distribución, etc. Pamplona
Nombre del editor, distribuidor, etc. EUNSA
Fecha de publicación, distribución, etc. 1977
300 ## - DESCRIPCIÓN FÍSICA
Extensión 288 p.
Dimensiones 18 cm
490 0# - MENCIÓN DE SERIE
Mención de serie ICE
Designación de volumen o secuencia 19
650 24 - PUNTO DE ACCESO ADICIONAL DE MATERIA - TÉRMINO DE MATERIA
9 (RLIN) 10103
Término de materia o nombre geográfico como elemento inicial Educación moral
942 ## - ENTRADA DE ELEMENTOS AGREGADOS (KOHA)
Fuente de clasificaión o esquema Dewey Decimal Classification
Koha [por defecto] tipo de item 1- Monografias
Existencias
Suprimido Perdido Fuente de clasificación o esquema Estropeado Restricciones de uso No para préstamo Código de colección Localización permanente Localización actual Localización en estanter&íacute;as Fecha adquisición Fuente de adquisición Número de inventario Préstamos totales Signatura completa Código de barras Fecha última consulta Fecha último préstamo Coste, precio reemplazado Fecha del precio de reemplazo Tipo de item de Koha
NULL NULL Dewey Decimal Classification NULL Prestable NULL NULL Biblioteca Centro Regional de Ilobasco Biblioteca Centro Regional de Ilobasco Sala Principal 30/07/2011 CRI LI002607   370.114 ISA edu 1039307 08/12/2025     31/10/2016 1- Monografias
NULL NULL Dewey Decimal Classification NULL Prestable NULL NULL Biblioteca Centro Regional de Ilobasco Biblioteca Centro Regional de Ilobasco Sala Principal 30/07/2011 CRI LI002611   370.114 ISA edu 1039310 08/12/2025     31/10/2016 1- Monografias
NULL NULL Dewey Decimal Classification NULL Prestable NULL NULL Biblioteca Centro Regional de Ilobasco Biblioteca Centro Regional de Ilobasco Sala Principal 30/07/2011 CRI LI002639 6 370.114 ISA edu 1039354 08/12/2025 27/10/2025   01/11/2016 1- Monografias
NULL NULL Dewey Decimal Classification NULL Préstamo en Sala NULL NULL Biblioteca Miguel de Cervantes - UNICAES Biblioteca Miguel de Cervantes - UNICAES Sala Principal 18/07/2003 Donación - Mayorga Rivas 007901 2 370.114 ISA edu 1007901 27/02/2026 27/02/2026 12.50 26/11/2013 1- Monografias